00606 2200217 4500001002100000005001500021035002000036245008400056100002500140250000600165300003500171700001200206260003900218082001200257084001800269020001800287650003200305990001700337990001700354990001700371INLIS00000000000023420180920030431 a0010-09180000881 aSelayang Pandang Kalimantan Tengah /cIr. Nugroho Yuananto; Ilustrator, Junarko0 aIr. Nugroho Yuananto a- aiv, 60 hlm. :bilus. ;c21 cm.0 aJunarko aKlaten :bPT Intan Pariwara,c2008 a911.598 a911.598 NUG s a979-28-0110-1 aGeografi Historis Indonesia a00981/P/2018 a00982/P/2018 a00983/P/2018